[Event "Kragero Resort A 2020"]
[Site "Kragero"]
[Date "2020.02.23"]
[Round "9.2"]
[White "Seo, Jung Min"]
[Black "Chatalbashev, Boris"]
[Result "1-0"]
[WhiteElo "2424"]
[BlackElo "2514"]
[Annotator "TA"]
[PlyCount "71"]
[EventDate "2020.02.19"]
[EventType "swiss"]
[EventCountry "NOR"]
[SourceTitle "playchess.com"]
[Source "ChessBase"]
[SourceQuality "1"]

{[%evp 10,71,32,0,0,0,-13,-20,-23,-37,-28,-48,2,-24,-20,-27,0,0,-11,-2,0,0,0,-18,0,-20,-20,-14,0,-23,10,11,18,0,0,-4,-7,-6,0,0,0,-36,0,-5,7,2,10,19,493,490,484,455,478,482,454,458,541,550,1390,501,1543,735,629,591]} 1. c4 g6 2. d4 Nf6 3. Nf3 Bg7 4. g3 c5 5. Bg2 Qa5+ 6. Nbd2 cxd4 {E60: King's Indian: Unusual lines and Fianchetto Variation without Nc3.} 7. Nxd4 Nc6 8. Nxc6 dxc6 {The position is equal.} 9. O-O O-O 10. Qb3 e5 {[#]} (10... Rd8 $5 {[%cal Rd8d2]} 11. Nf3 Ne4 $15) 11. Nb1 $146 ({Predecessor:} 11. e4 Nd7 12. Qc2 Nc5 13. Nb3 Nxb3 14. Qxb3 b5 15. Qc2 bxc4 16. Bd2 Qb5 17. Bc3 {0-1 (45) Imocha,L (2300)-Khakpour,A (2200) Kolkata 1996}) 11... Qa6 12. Qc2 Bf5 13. e4 Be6 14. b3 {[%cal Bb2b3,Bb3b4][%mdl 32]} b5 {[%cal Rb5c4]} 15. cxb5 cxb5 16. Bb2 Rfc8 17. Qe2 Rc5 18. Na3 Rac8 19. b4 Bc4 20. Nxc4 Rxc4 21. Bxe5 Qe6 22. Bxf6 Bxf6 23. Rab1 Bd4 24. a3 Rc2 25. Qd3 Qb6 26. Rbd1 Bxf2+ 27. Kh1 R8c3 28. Qd7 {Strongly threatening Qe8+.} Qe6 $2 {[%mdl 8192] Loses the game.} (28... Kg7 $11) 29. Qd8+ $18 {White is clearly winning.} Kg7 {[#]} 30. Rxf2 $1 {[%mdl 576] Remove Defender, Decoy} Rxf2 31. Qd4+ {[%mdl 64] Double Attack} Qf6 {( -> ...Qxd4)} 32. e5 Qf5 {Hoping for ...Rc4.} 33. Qxc3 Qg4 34. Rf1 (34. e6+ $142 Kh6 35. Qe3+ Kg7 36. Re1 Qxe6 37. Qxf2) 34... Qe2 (34... Rxf1+ $142 35. Bxf1 Kg8) 35. Rxf2 Qxf2 36. h3 {Accuracy: White = 77%, Black = 58%.} 1-0

[Event "Kragero Resort A 2020"]
[Site "Kragero"]
[Date "2020.02.23"]
[Round "9.3"]
[White "Holm, Kristian Stuvik"]
[Black "Osmak, Iulija"]
[Result "1/2-1/2"]
[WhiteElo "2467"]
[BlackElo "2394"]
[Annotator "TA"]
[PlyCount "27"]
[EventDate "2020.02.19"]
[EventType "swiss"]
[EventCountry "NOR"]
[SourceTitle "playchess.com"]
[Source "ChessBase"]
[SourceQuality "1"]

{[%evp 14,27,57,45,64,64,91,81,90,73,84,67,77,9,20,36]} 1. d4 Nf6 2. c4 c5 3. Nf3 cxd4 4. Nxd4 e5 5. Nb5 d5 6. cxd5 Bc5 7. N5c3 O-O 8. g3 e4 {A31: Symmetrical English: 2 Nf3 Nf6 3 d4.} 9. Bg2 Bf5 10. O-O Nbd7 11. Na3 Re8 12. Nc2 Nb6 {[%cal Rb6d5]} 13. Ne3 {[#]} (13. Be3 $16 Be7 14. Bxb6 Qxb6 15. Ne3) 13... Qd7 $146 ({Predecessor:} 13... Bg6 14. Qb3 Qe7 15. Rd1 Rad8 16. a4 a6 17. a5 Nc8 18. Na4 Ba7 19. Bd2 Nd6 {1-0 (47) Sodoma,J (2348)-Tate,A (2292) Prague 2011}) 14. Nxf5 {White did not feel at home in the position after the opening.} 1/2-1/2

[Event "Kragero Resort A 2020"]
[Site "Kragero"]
[Date "2020.02.23"]
[Round "9.4"]
[White "Moiseenko, Vadim"]
[Black "Castellanos Rodriguez, Renier"]
[Result "1/2-1/2"]
[WhiteElo "2550"]
[BlackElo "2481"]
[Annotator "TA"]
[PlyCount "151"]
[EventDate "2020.02.19"]
[EventType "swiss"]
[EventCountry "NOR"]
[SourceTitle "playchess.com"]
[Source "ChessBase"]
[SourceQuality "1"]

{[%evp 23,151,6,16,16,27,-3,0,0,12,0,0,-20,25,0,0,-8,0,0,-19,1,-2,-5,12,0,28,0,-8,-27,-21,-31,-31,-20,-30,-31,0,0,10,-79,-82,-116,-97,-106,-104,-113,-46,-33,0,-57,0,-37,-41,-45,-22,-66,-66,-69,-27,-102,-106,-141,-110,-126,-117,-123,-108,-154,-157,-184,-184,-180,-193,-218,-198,-362,-351,-328,-204,-212,-208,-237,-214,-210,-183,-369,-198,-176,-168,-211,-160,-216,-195,-162,-177,-185,-81,-222,-230,-218,-218,-217,-203,-455,-445,-448,-447,-526,-485,-455,-415,-420,-201,-215,-212,-215,-215,-198,-183,-183,-183,-183,-183,-175,0,0,0,0,0,0,0,0]} 1. c4 e6 2. Nf3 Nf6 3. Nc3 d5 4. d4 c6 5. Bg5 Nbd7 6. e3 Qa5 7. Nd2 dxc4 8. Bxf6 Nxf6 9. Nxc4 Qc7 10. Rc1 Be7 11. Be2 O-O 12. O-O Rd8 13. Bf3 {D52: Queen's Gambit Declined: Cambridge Springs Variation.} Nd5 14. Ne4 Bd7 15. Qb3 {[#]} Be8 $146 ({Predecessor:} 15... a5 16. a3 Be8 17. Rfd1 Qb8 18. Rd2 Ra7 19. Ne5 f6 20. Nd3 Bf7 21. Qd1 Kh8 {½-½ (37) Maduekwe,C-Ng,E (2205) Manila 1992}) 16. a3 Rab8 17. Qa2 Nb6 18. Na5 e5 19. dxe5 Nd7 20. b4 Nxe5 21. Be2 Rbc8 22. Nb3 Bf8 23. Nd4 Qb6 24. f4 Nd7 25. Bg4 a5 26. Rb1 axb4 27. axb4 Ra8 28. Qc2 Ra3 29. Rf3 Rda8 30. Rg3 (30. Bxd7 $11 Bxd7 31. Ng5) 30... Qd8 $1 $17 31. Bxd7 Bxd7 32. h3 Qe7 33. Kh2 Ra2 (33... g6 $17 34. Nc3 Bg7) 34. Qd3 $15 R2a3 35. Nc3 ({White should play} 35. Qc2 $11) 35... Ra1 (35... Rd8 $15) 36. Rb2 Rd8 37. Rd2 {Black should prevent Nf5.} Raa8 38. Ne4 g6 $36 {[%mdl 2048] Black is pushing.} 39. Nc5 Be8 40. Qc3 (40. Nf5 $1 $11 Qc7 41. Qc3) 40... Bg7 $17 41. Ncb3 Rd5 42. Qc4 Rad8 43. Ra2 Bf8 $1 44. Nc2 f5 45. Qe2 Bf7 46. Nbd4 Bg7 47. Rb2 Qe4 48. Qf2 $2 (48. Qf3 {was the only chance.}) 48... b6 $19 49. Ra2 c5 (49... Bxd4 50. exd4 R5d7 51. Ra1 $15) 50. bxc5 bxc5 51. Nf3 Qc4 52. Nce1 Rd1 53. Ra7 $2 (53. Re2 {is the only way for White.}) 53... R1d7 (53... Bf6 $142 {White must now prevent ...Qc1.} 54. Ne5 Bxe5 55. fxe5 Qe4) 54. Rxd7 Rxd7 55. h4 Qa2 56. Qxa2 (56. Nc2 $17 {is a better defense.}) 56... Bxa2 57. h5 Bf7 58. Nh4 {[%cal Rh5g6]} Bf6 (58... Rd1 $19 {is more deadly.} 59. Nc2 Bb3) 59. Nxf5 (59. Nef3 $17 {only move.}) 59... Kf8 $1 {[%csl LRf5,LRh5]} 60. hxg6 hxg6 61. Nh6 Bh4 62. Ng4 $2 (62. Nxf7 {was necessary.} Bxg3+ 63. Kxg3 Kxf7 64. Kf3) 62... Bxg3+ 63. Kxg3 {[%mdl 4096] Endgame KRB-KNN} c4 64. Nf2 Rd2 65. Nf3 Re2 66. Nd1 Bd5 (66... Ke7 $142 {...Be6 is the strong threat.} 67. f5 gxf5) 67. Nc3 Bxf3 $1 ({And not} 67... Rxe3 68. Nxd5 Re2 69. Kh3 $11) 68. Kxf3 {[#] KR-KN} Rd2 $1 69. g4 Ke7 70. Ke4 Kd6 71. g5 Kc5 {aiming for ...Kb4.} 72. f5 {[#]} gxf5+ $2 (72... Kd6 $1 $19 {And now ...gxf5+ would win.} 73. Nb5+ (73. fxg6 $2 Ke7 $19) 73... Ke7 74. f6+ Ke6 75. Nc7+ Kf7) 73. Kxf5 $11 {Threatens to win with Ne4+.The position is equal.} Kb4 74. Ne4 c3 {[#]} 75. Nxc3 $1 {[%mdl 512]} Kxc3 76. g6 {Accuracy: White = 58%, Black = 74%.} 1/2-1/2

[Event "Kragero Resort A 2020"]
[Site "Kragero"]
[Date "2020.02.23"]
[Round "9.5"]
[White "Hammer, Jon Ludvig"]
[Black "Hauge, Lars Oskar"]
[Result "1/2-1/2"]
[WhiteElo "2628"]
[BlackElo "2472"]
[Annotator "TA"]
[PlyCount "46"]
[EventDate "2020.02.19"]
[EventType "swiss"]
[EventCountry "NOR"]
[SourceTitle "playchess.com"]
[Source "ChessBase"]
[SourceQuality "1"]

{[%evp 21,46,22,19,4,12,0,0,7,0,10,23,-12,0,0,0,5,0,0,5,0,0,0,0,0,0,-12,-10]} 1. d4 f5 2. g3 Nf6 3. Bg2 g6 4. Nf3 Bg7 5. O-O O-O 6. c4 d6 7. d5 c6 8. Nc3 e5 9. dxe6 Bxe6 10. b3 Qe7 11. Bb2 Na6 12. e3 {A88: Dutch Defence: Leningrad System: 5 Nf3 0-0 6 0-0 d6 7 Nc3 c6.} Rad8 13. Nd4 Bf7 14. Qe2 Rfe8 {[#]} 15. Rad1 $146 ({Predecessor:} 15. Rfd1 Nc5 16. Rac1 Qc7 17. Qc2 a5 18. a3 Qb6 19. Rb1 Nce4 20. Nxe4 Nxe4 21. Ba1 {0-1 (30) Elmquist,R-Watson,A USA corr 1991}) 15... Nc7 16. Nf3 d5 {The position is equal.} 17. cxd5 Ncxd5 18. Ng5 Nxc3 19. Bxc3 Bd5 20. Bxf6 Qxf6 21. Bxd5+ cxd5 22. Nh3 d4 23. Qc4+ Qf7 {Not much happened in this game. Accuracy: White = 88%, Black = 100%.} 1/2-1/2

[Event "Kragero Resort A 2020"]
[Site "Kragero"]
[Date "2020.02.23"]
[Round "9.6"]
[White "Notkevich, Benjamin Arvola"]
[Black "Postny, Evgeny"]
[Result "0-1"]
[WhiteElo "2495"]
[BlackElo "2611"]
[Annotator "TA"]
[PlyCount "96"]
[EventDate "2020.02.19"]
[EventType "swiss"]
[EventCountry "NOR"]
[SourceTitle "playchess.com"]
[Source "ChessBase"]
[SourceQuality "1"]

{[%evp 15,96,0,0,0,0,0,0,-4,0,-20,0,0,0,0,41,5,16,0,0,2,7,4,11,13,43,17,33,0,0,0,0,0,0,0,0,0,0,0,0,-50,0,0,19,0,49,53,104,74,111,114,112,44,234,207,227,232,223,95,122,136,212,206,227,219,208,224,229,184,183,185,233,227,123,31,31,39,37,-636,0,-676,-676,-29994,-29995]} 1. e4 e5 2. Nf3 Nc6 3. d4 exd4 4. Bc4 Nf6 5. e5 d5 6. Bb5 Nd7 7. O-O Be7 8. Bxc6 bxc6 9. Nxd4 {C56: Two Knights: 4 d4 exd4 5 0-0 Nxe4.} Nb8 10. Nc3 O-O {10...c5 is not played anymore.} 11. Qf3 {The position is equal.} Re8 12. Bf4 $1 {[#]} Bf8 $146 ({Predecessor:} 12... Bc5 13. Nb3 Bb6 14. Rad1 Qh4 15. h3 Nd7 16. Rfe1 Nf8 17. Bg3 Qg5 18. Ne2 Ne6 {0-1 (42) Sadilek,P (2256)-Buhmann,R (2579) Vienna 2014}) 13. Rad1 Qd7 14. Rfe1 a5 15. h3 a4 16. Qg3 Bb7 $1 17. e6 fxe6 18. Bxc7 c5 19. Nf3 Qc6 20. Bf4 Nd7 21. Ne5 Nxe5 22. Bxe5 Re7 23. Ne2 Rf7 24. Nf4 Rf5 25. Qg4 Qd7 26. Rd3 Qf7 27. c3 Re8 28. Rde3 h6 29. h4 Kh7 (29... d4 $5 30. Rd3 Rd8 $11) 30. Rg3 Rd8 (30... c4 $14) 31. h5 Bc8 32. Ng6 $1 $36 {[%cal Rg6f8][%mdl 2048] White is on the roll.} Bd6 33. Qh4 (33. Qxa4 $16 Bxe5 34. Nxe5) 33... Rd7 $2 (33... Qc7 $14) 34. Qxa4 $18 Rxh5 35. Qa8 Qe8 36. Bxd6 (36. Qc6 $1 $18 {and the rest is easy.} Qd8 37. Bxd6 Rxd6 38. Qxc5) 36... Rxd6 $16 {[#]} 37. Qa7 $1 e5 {[#]} (37... c4 $16 {keeps fighting.}) 38. Nf4 $1 $18 {[%csl Gg3][%cal Ra7g7][%mdl 576] Pin} Rg5 (38... exf4 39. Qxg7#) 39. Qxc5 {[%mdl 64] Double Attack} Qd8 {Threatens to win with ...Rxg3.} 40. Rxg5 hxg5 41. Nd3 e4 42. Ne5 {Black must now prevent Nf7.} Qf6 43. Nf7 $1 {[%cal Rf7d6]} ({Don't do} 43. Qxc8 $6 Qxe5 44. g3 Rb6 $16) 43... Re6 ({Black should try} 43... Rd7 $18) 44. Nxg5+ ({Worse is} 44. Qf8 Bd7 $17) ({Better is} 44. Qxc8 $16 Qxf7 45. c4) 44... Qxg5 $14 45. Qxc8 Rg6 $1 {[%csl Gg6][%cal Rg5g2]} 46. g3 $2 {[%mdl 8192] [#]} (46. Qh3+ $14 Rh6 47. Qg3) 46... Rh6 $2 ({Black should play} 46... Qh5 $1 $19 47. Qd8 Rh6) 47. Qe8 $2 {[%mdl 8192]} (47. g4 $11) 47... Qf5 $19 {( -> ...Qf3)} 48. f4 {[#]} Qg4 $1 {[%mdl 512] Accuracy: White = 68%, Black = 69%.} 0-1

[Event "Kragero Resort A 2020"]
[Site "Kragero"]
[Date "2020.02.23"]
[Round "9.7"]
[White "Vrolijk, Liam"]
[Black "Mikalsen, Erlend"]
[Result "1-0"]
[WhiteElo "2501"]
[BlackElo "2364"]
[Annotator "TA"]
[PlyCount "81"]
[EventDate "2020.02.19"]
[EventType "swiss"]
[EventCountry "NOR"]
[SourceTitle "playchess.com"]
[Source "ChessBase"]
[SourceQuality "1"]

{[%evp 9,81,16,2,4,13,12,16,7,17,6,12,10,16,-1,-12,0,45,33,90,89,318,296,451,232,228,223,226,216,226,208,208,211,229,219,222,224,498,485,495,498,481,345,344,341,339,329,335,325,338,249,263,268,264,242,247,250,227,197,315,219,360,347,297,213,361,219,421,421,499,474,635,621,29962,29964]} 1. c4 e5 2. g3 Nf6 3. Bg2 Bc5 4. Nc3 c6 5. Nf3 e4 6. Nh4 {A23: English Opening: 1...e5 2 Nc3 Nf6 3 g3 c6.} d5 7. cxd5 cxd5 8. d3 {[%cal Rd3e4] The position is equal.} Ng4 9. O-O g5 10. d4 Be7 11. h3 {[#]} gxh4 $146 ({Predecessor:} 11... Nxf2 12. Rxf2 gxh4 13. Qb3 hxg3 14. Rf4 Nc6 15. Qxd5 f5 16. Bxe4 fxe4 17. Qh5+ Kd7 {1-0 (24) Anton Guijarro,D (2674)-Grischuk,A (2759) Douglas 2019}) 12. hxg4 hxg3 13. Qb3 $36 {[%mdl 2048] White has good play.} Be6 (13... Nc6 $14) 14. Qxb7 $16 Nd7 $2 {This costs Black the game.} (14... Qd7 $16 15. Qxd7+ (15. Qxa8 O-O $14) 15... Nxd7) 15. Nxd5 $18 Bd6 (15... O-O $142 16. Nxe7+ (16. Bxe4 Rb8 $18) 16... Qxe7 17. Qxe4 Rab8 18. fxg3 Nf6) 16. Nf4 (16. Qc6 $142 gxf2+ 17. Rxf2) 16... Rb8 17. Qxe4 Qh4 {[%csl Gg3][%cal Rh4h2] [#]} 18. fxg3 $1 Qxg3 19. Qf3 ({Worse is} 19. Nxe6 Qh2+ 20. Kf2 Qg3+ 21. Kg1 Qh2+ 22. Kf2 Qg3+ 23. Kg1 $11) 19... Qxf3 20. exf3 {Threatens to win with d5.} ({Resist} 20. Rxf3 $6 Bxg4 21. Rc3 Rg8) 20... Bxf4 21. Bxf4 Rxb2 22. Rfd1 {[#] d5 is the strong threat.} Bd5 $2 (22... Rxa2 23. Rxa2 Bxa2 24. Re1+ Kd8) 23. Re1+ Kd8 24. Rac1 Rb7 25. a4 {[%cal Ba2a4,Ba4a5][%mdl 32]} Rg8 26. a5 a6 27. Bd6 {Be7+ would kill now.} Nf6 28. Rc5 {Strongly threatening Be5.} Be6 29. g5 {And now f4 would win.} Nd7 30. Rc2 Rxg5 31. f4 Rxg2+ 32. Rxg2 Nf6 33. Bc5 h5 (33... Nd5 {was necessary.} 34. Rg8+ Kd7) 34. f5 Bd5 (34... Bc4 $142 35. Rc2 Bb5) 35. Rge2 {Hoping for Be7+.} Kc8 36. Bb6 Rd7 (36... Bc6 {is a better defense.} 37. Rc2 Kd7) 37. Re7 {aiming for Rc1+.} Rxe7 $2 (37... Bc4 38. Bc5 Kc7) 38. Rxe7 h4 39. Kh2 Ne4 40. Kh3 Nd6 41. Rc7+ {Accuracy: White = 68%, Black = 43%.} 1-0

[Event "Kragero Resort A 2020"]
[Site "Kragero"]
[Date "2020.02.23"]
[Round "9.8"]
[White "Beerdsen, Thomas"]
[Black "Stanford, Maxim Barth"]
[Result "1-0"]
[WhiteElo "2497"]
[BlackElo "2339"]
[Annotator "TA"]
[PlyCount "97"]
[EventDate "2020.02.19"]
[EventType "swiss"]
[EventCountry "NOR"]
[SourceTitle "playchess.com"]
[Source "ChessBase"]
[SourceQuality "1"]

{[%evp 12,96,17,-2,-7,-15,-7,0,18,0,22,0,49,40,54,54,63,51,40,29,34,27,45,35,42,42,50,55,396,397,381,385,421,433,485,489,490,495,762,758,748,728,712,669,654,550,524,514,594,579,733,584,584,584,584,584,596,596,625,535,535,535,542,535,1030,1030,1104,950,2429,5385,6179,5577,29979,29980,29979,29980,29994,29995,29995,29996,29996,29997,29997,29998,29998,29999,29999]} 1. e4 c5 2. c3 Nf6 3. e5 Nd5 4. d4 cxd4 5. Bc4 Nb6 6. Bb3 d5 7. cxd4 Bf5 {B22: Sicilian: 2 c3.} 8. Ne2 e6 9. O-O h5 {The position is equal.} 10. Nbc3 Nc6 11. Be3 Rc8 12. Ng3 g6 13. Rc1 a6 14. Nce2 $36 {[%mdl 2048] White fights for an advantage.} Bg4 15. h3 Bxe2 $1 16. Nxe2 Be7 17. Nf4 Qd7 18. Qf3 Kd8 19. Bd2 Nxd4 $2 {[%mdl 8192]} (19... Rc7 $14) 20. Qe3 $18 Nc4 21. Qxd4 Bc5 22. Qc3 b5 23. Bxc4 bxc4 24. b3 Ke7 (24... g5 $142 25. Nd3 Be7 26. bxc4 Rxc4 27. Qa5+ Ke8 28. Qxa6 Kf8 29. Rxc4 dxc4 30. Qxc4 Kg7) 25. Qf3 Ke8 26. bxc4 dxc4 27. Be3 Bxe3 28. Qxe3 Kf8 29. Rfd1 Qc7 30. Rd4 Kg7 31. Rdxc4 Qxc4 32. Rxc4 Rxc4 33. h4 Rhc8 34. g3 Rc3 35. Qa7 R8c7 36. Qxa6 R3c6 37. Qd3 Rc2 38. Qd8 Ra7 39. a4 Ra2 40. Qf6+ Kh7 {[#]} 41. g4 $1 R2xa4 (41... hxg4 42. h5) 42. gxh5 {White mates.} gxh5 43. Qg5 Ra8 44. Nxh5 {[%csl Gh5][%cal Rg5g7]} Rg4+ 45. Qxg4 {[%csl Gh5][%cal Rg4g7]} Rg8 46. Nf6+ {[%mdl 64] [#] Double Attack} Kh6 47. Nxg8+ Kh7 48. Nf6+ Kh6 49. Qg5# {Black got outplayed after the opening. Accuracy: White = 97%, Black = 49%.} 1-0

[Event "Kragero Resort A 2020"]
[Site "Kragero"]
[Date "2020.02.23"]
[Round "9.9"]
[White "Salimova, Nurgyul"]
[Black "Mirzoev, Emil"]
[Result "1/2-1/2"]
[WhiteElo "2372"]
[BlackElo "2452"]
[Annotator "TA"]
[PlyCount "29"]
[EventDate "2020.02.19"]
[EventType "swiss"]
[EventCountry "NOR"]
[SourceTitle "playchess.com"]
[Source "ChessBase"]
[SourceQuality "1"]

{[%evp 19,29,-32,5,-31,21,-39,-12,-12,-9,-12,0,-5]} 1. c4 c6 2. Nf3 d5 3. cxd5 cxd5 4. d4 Nc6 5. Nc3 Nf6 6. g3 Bf5 7. Bg2 e6 8. O-O Be7 9. Bf4 O-O 10. Rc1 Rc8 11. Ne5 {D13: Slav Defence: Exchange variation without ...Bf5.} Nxe5 ({Black should play} 11... h6 $15) 12. Bxe5 ({Better is} 12. dxe5 $11 Ne4 13. Nxe4 Rxc1 14. Qxc1 dxe4 15. Rd1) 12... Bd6 13. Bxd6 {The position is equal.} Qxd6 14. Qb3 {[#]} b6 $146 ({Predecessor:} 14... Qd7 15. Qa4 Qxa4 16. Nxa4 Rfd8 17. Nc3 Kf8 18. Rfd1 a6 19. e3 Rc7 {½-½ (19) Rodriguez Ramos,S-Lombardia Palomares,M Oviedo 2003}) 15. Nb5 {Not much happened in this game.} 1/2-1/2

[Event "Kragero Resort A 2020"]
[Site "Kragero"]
[Date "2020.02.23"]
[Round "9.10"]
[White "Gretarsson, Helgi Ass"]
[Black "Ranaldi, Lucas"]
[Result "1-0"]
[WhiteElo "2403"]
[BlackElo "2302"]
[Annotator "NA"]
[PlyCount "95"]
[EventDate "2020.02.19"]
[EventType "swiss"]
[EventCountry "NOR"]
[SourceTitle "playchess.com"]
[Source "ChessBase"]
[SourceQuality "1"]
[TimeControl "5400+30"]

1. d4 {[%emt 0:00:00]} Nf6 {[%emt 0:00:00]} 2. c4 {[%emt 0:00:00]} e6 {[%emt 0:00:00]} 3. Nf3 {[%emt 0:00:00]} b6 {[%emt 0:00:00]} 4. Bf4 {[%emt 0:01:12]} Bb7 {[%emt 0:00:04]} 5. e3 {[%emt 0:00:04]} Bb4+ {[%emt 0:00:11]} 6. Nfd2 {[%emt 0:00:08]} c5 {[%emt 0:00:51] E12: Queen's Indian: Unusual White 4th moves, 4 a3, 4 Nc3 Bb7 5 a3 and 4 Nc3 Bb7 .} 7. a3 {[%emt 0:05:40]} Bxd2+ $1 {[%emt 0:00:05]} 8. Qxd2 {[%emt 0:00:01]} ({Much weaker is} 8. Kxd2 cxd4 9. exd4 Nc6 $17) 8... cxd4 {[%emt 0:00:16]} 9. Qxd4 {[%emt 0:00:13]} Nc6 {[%emt 0:00:15]} 10. Qd1 {[%emt 0:00:01] [#]} O-O $146 {[%emt 0:01:07]} ({Predecessor:} 10... d5 11. Nc3 dxc4 12. Bxc4 e5 13. Bg5 Ne7 14. O-O O-O 15. Qe2 a6 16. Rfd1 Qc7 {1-0 (31) Szydlowski,E-Rudak,W Wroclaw 1980}) 11. Nc3 {[%emt 0:11:09]} a6 {[%emt 0:27:51]} (11... d5 $11) 12. Bd6 {[%emt 0:10:01]} Re8 {[%emt 0:00:25]} 13. Be2 {[%emt 0:00:13]} e5 {[%emt 0:01:44]} 14. O-O {[%emt 0:01:45]} Re6 {[%emt 0:02:19]} 15. a4 {[%emt 0:02:21]} Rc8 {[%emt 0:01:28]} 16. b3 {[%emt 0:04:08]} Na5 {[%emt 0:17:36]} 17. Rb1 {[%emt 0:08:07]} Ne4 {[%emt 0:10:37]} 18. Nxe4 {[%emt 0:06:46]} Bxe4 {[%emt 0:00:02]} 19. Rb2 {[%emt 0:00:01]} Qg5 {[%emt 0:01:28]} (19... Qh4 $5 {[%cal Re4g2]} 20. g3 (20. f3 Qh6 $11) 20... Qh3 $11) 20. g3 {[%emt 0:00:09]} Qh6 {[%emt 0:16:11]} 21. Ba3 {[%emt 0:14:39]} d6 {[%emt 0:04:55]} 22. Bg4 {[%emt 0:06:00]} f5 {[%emt 0:00:14]} 23. Bf3 {[%emt 0:00:01]} Qg6 {[%emt 0:06:13]} 24. Bxe4 {[%emt 0:08:32]} fxe4 {[%emt 0:00:02]} 25. Qd5 {[%emt 0:00:02]} Nc6 {[%emt 0:04:14]} 26. Bxd6 {[%emt 0:01:30]} Rd8 {[%emt 0:00:16]} 27. Qxc6 {[%emt 0:02:48]} Rexd6 {[%emt 0:00:08]} 28. Qc7 {[%emt 0:00:23]} Qg4 {[%emt 0:03:31]} 29. c5 {[%emt 0:05:38]} bxc5 {[%emt 0:00:11]} 30. Qxc5 {[%emt 0:00:07]} Rd5 $2 {[%emt 0:00:53]} (30... Rd1 $16 {might work better.}) 31. Qc4 $18 {[%emt 0:00:24]} Kh8 {[%emt 0:00:14]} 32. Qxa6 {[%emt 0:03:46]} h5 {[%emt 0:00:01]} 33. Qe2 {[%emt 0:01:08]} Qh3 {[%emt 0:01:03]} 34. b4 {[%emt 0:00:47]} R5d6 {[%emt 0:01:14]} 35. b5 {[%emt 0:00:21]} h4 {[%emt 0:00:10]} 36. b6 {[%emt 0:03:38]} Qf5 {[%emt 0:01:15]} 37. b7 {[%emt 0:01:53]} Rb8 {[%emt 0:00:01]} 38. a5 {[%emt 0:01:26]} h3 {[%emt 0:00:01]} 39. Rc1 {[%emt 0:01:25]} Qe6 {[%emt 0:01:13]} 40. Qc2 {[%emt 0:00:35]} Qd5 {[%emt 0:00:53]} 41. a6 {[%emt 0:00:56]} Qa5 {[%emt 0:00:07]} 42. Qc8+ {[%emt 0:00:24]} Rd8 {[%emt 0:00:13]} 43. Qxh3+ {[%emt 0:00:07]} Kg8 {[%emt 0:00:01]} 44. Qe6+ {[%emt 0:00:27]} Kh8 {[%emt 0:00:02]} 45. Kg2 {[%emt 0:00:32]} Qa3 {[%emt 0:00:37]} 46. Rbc2 {[%emt 0:00:09]} Qf8 {[%emt 0:00:25]} 47. Qg4 {[%emt 0:00:28]} Qa3 {[%emt 0:00:55]} 48. Rc7 {[%emt 0:00:13]} 1-0